Normal view MARC view
  • M.Khalid Ameer Chughtai

Entry Personal Name

Number of records used in: 3

001 - CONTROL NUMBER

  • control field: 14966

003 - CONTROL NUMBER IDENTIFIER

  • control field: NUST

005 - DATE AND TIME OF LATEST TRANSACTION

  • control field: 20190617105406.0

008 - FIXED-LENGTH DATA ELEMENTS

  • fixed length control field: 190617|| aca||aabn | a|a d

040 ## - CATALOGING SOURCE

  • Original cataloging agency: NUST
  • Transcribing agency: NUST

100 ## - HEADING--PERSONAL NAME

  • Personal name: M.Khalid Ameer Chughtai

670 ## - SOURCE DATA FOUND

  • Source citation: Work cat.: (NUST)24487: M.Khalid Ameer Chughtai, MS Thesis:Design and Analysis of A6 Dof Platform(PKM) For Flight/Vehicle Simulation, 2010
© 2023 Central Library, National University of Sciences and Technology. All Rights Reserved.